000 005710000a22001930004500
003 LK-CoMWRAF
005 20231229011155.0
008 230817t1998 ||||| |||| 00| 0 eng d
040 _aLK-CoMWRAF
_dLK-CoMWRAF
_eLK-CoMWRAF
041 _atam
082 _a894.8113
_bILY
100 _aஇலியாஸ், மரீனா
_vIlyas,Marina
242 _aKumurukinra Erimalaikal
245 _aகுமுறுகின்ற எரிமலைகள்
260 _aRajagiriya:
_bThamil Manram,
_c1998
300 _a80 p.
650 _aTAMIL SHORT STORIES
942 _cBK
999 _c580
_d580